Library Banner

Memory booster: (Record no. 23686)

MARC details
000 -LEADER
fixed length control field 00450nam a2200169Ia 4500
001 - CONTROL NUMBER
control field 23459
008 - FIXED-LENGTH DATA ELEMENTS--GENERAL INFORMATION
fixed length control field 140410s9999 xx 000 0 und d
020 ## - INTERNATIONAL STANDARD BOOK NUMBER
International Standard Book Number 0-7499-1160-3
040 ## - CATALOGING SOURCE
Transcribing agency PK-LaUMT
082 ## - DEWEY DECIMAL CLASSIFICATION NUMBER
Classification number 153.1
Item number FIN-M
100 ## - MAIN ENTRY--PERSONAL NAME
Personal name Finkel, Robert
245 ## - TITLE STATEMENT
Title Memory booster:
Remainder of title easy techniques for rapid learning and a better memory
Statement of responsibility, etc Finkel, Robert
260 ## - PUBLICATION, DISTRIBUTION, ETC. (IMPRINT)
Place of publication, distribution, etc London,UK:
Name of publisher, distributor, etc Piatkus,
Date of publication, distribution, etc 1991
300 ## - PHYSICAL DESCRIPTION
Extent 181 p.
546 ## - LANGUAGE NOTE
Language note EN
942 ## - ADDED ENTRY ELEMENTS (KOHA)
Koha item type Books
Holdings
Withdrawn status Lost status Damaged status Not for loan Home library Current library Date acquired Total Checkouts Full call number Barcode Date last seen Date checked out Price effective from Koha item type
        UMT Main Campus UMT Main Campus 2014-04-10 17 153.1 FIN-M 26521 2025-05-21 2025-04-25 2014-04-24 Books